| 000 -LEADER |
| fixed length control field |
01075nam a2200241Ia 4500 |
| 001 - CONTROL NUMBER |
| control field |
15490 |
| 003 - CONTROL NUMBER IDENTIFIER |
| control field |
GE_BSU |
| 008 - FIXED-LENGTH DATA ELEMENTS--GENERAL INFORMATION |
| fixed length control field |
181216s||||||||xx |||||||||||||| ||und|| |
| 020 ## - INTERNATIONAL STANDARD BOOK NUMBER |
| International Standard Book Number |
ISBN 978-9941-22-481-2 |
| 040 ## - CATALOGING SOURCE |
| Transcribing agency |
GE_BSU |
| 080 ## - UNIVERSAL DECIMAL CLASSIFICATION NUMBER |
| Universal Decimal Classification number |
821.353.1(092)+ 821.353.1.09-1 + 821.353.1-94 |
| 100 ## - MAIN ENTRY--PERSONAL NAME |
| Personal name |
ავტ.-შემდგ.: ირაკლი ირემაძე, ლევან ლორთქიფანიძე, ხვიჩა ყაზაიშვილი, სოფიკო შუბითიძე |
| 245 ## - TITLE STATEMENT |
| Title |
ქართული მემარცხენეობის ქრესტომათია |
| 245 ## - TITLE STATEMENT |
| Remainder of title |
ტ.1 |
| 245 ## - TITLE STATEMENT |
| Statement of responsibility, etc. |
რედ. მალხაზ მაცაბერიძე |
| 260 ## - PUBLICATION, DISTRIBUTION, ETC. |
| Place of publication, distribution, etc. |
თბილისი |
| 260 ## - PUBLICATION, DISTRIBUTION, ETC. |
| Name of publisher, distributor, etc. |
უნივერსალი |
| 260 ## - PUBLICATION, DISTRIBUTION, ETC. |
| Date of publication, distribution, etc. |
2015 |
| 300 ## - PHYSICAL DESCRIPTION |
| Extent |
336გვ;20სმ. |
| 300 ## - PHYSICAL DESCRIPTION |
| Other physical details |
ბიბლიოგრ.: გვ. 334 |
| 653 ## - INDEX TERM--UNCONTROLLED |
| Uncontrolled term |
- სოციალურ-დემოკრატიული მოძრაობა საქართველოში; |
| 942 ## - ADDED ENTRY ELEMENTS (KOHA) |
| Koha item type |
წიგნი |